Sasanidische Numismatik /

محفوظ في:

المؤلف الرئيسي: Göbl, Robert (مؤلف)

التنسيق: كتاب

اللغة: German

منشور في: Braunschweig : Klinkhardt & Biermann, [1968].

سلاسل: Handbücher der mittelasiatischen Numismatik ; 1.

الموضوعات:

الوسوم: إضافة وسم

لا توجد وسوم, كن أول من يضع وسما على هذه التسجيلة!

رقم الطلب: CJ1309 .H3 v.1

LEADER 00825namaa2200265 4500
001 22094
003 OSt
005 20251106124316.0
008 130303s1968 gw bfj b 000 0 ger d
010 |a 68141955 
040 |c ARCE Library 
050 4 |a CJ1309 .H3 v.1 
100 1 |a Göbl, Robert,  |e author  |9 30844 
245 1 0 |a Sasanidische Numismatik /  |c Robert Göbl. 
264 1 |a Braunschweig :  |b Klinkhardt & Biermann,  |c [1968]. 
300 |a vii, 100 pages :  |b genealogical table, folded map, plates ;  |c 26 cm. 
490 1 |a Handbücher der mittelasiatischen Numismatik ;  |v 1. 
504 |a Bibliography : pages 88-[93]. 
555 |a Sara.lib 
650 0 |a Coins, Iranian. 
650 0 |a Sassanids.  |9 1782 
830 0 |a Handbücher der mittelasiatischen Numismatik ;  |v 1. 
901 |a reviewed 
942 |c BK  |2 lcc 
999 |c 20698  |d 20698